| 000 | 00581cam a22002051 4500 | ||
|---|---|---|---|
| 001 | af 48004386 | ||
| 003 | DLC | ||
| 005 | 20260227110907.0 | ||
| 008 | 900726s1943 be 000 0 dut c | ||
| 010 | _aaf 48004386 | ||
| 035 | _a(OCoLC)22149494 | ||
| 040 |
_aCalifornia. Univ. Libr. _cCU _dDLC |
||
| 042 | _apremarc | ||
| 050 | 0 | 0 |
_aPT6434.K76 _bS4 |
| 100 | 1 |
_aKröjer, P. S. Maxim, _d1901- |
|
| 245 | 1 | 3 |
_aDe schoolmeester van Vlaanderen, _cdoor Maxim Kröjer [pseud.] |
| 260 |
_aBrussel, _bUitgeverij Ignis _c[1943] |
||
| 300 |
_a224 p. _c19 cm. |
||
| 490 | 0 |
_aSter-reeks, _vnr 10 |
|
| 999 |
_c6016 _d6016 |
||